000
00262nam a2200109Ia 4500
008
190914s9999||||xx |||||||||||||| ||und||
100
_a
Shyam Dua
245
4
_a
The Luminous Life of Pablo Picasso
260
_a
Delhi
_b
Tiny Tot
_c
2012
300
_a
955
942
_c
BK
999
_c
9044
_d
9044